000 00366nam a22001337a 4500
005 20260323144118.0
008 260323b |||||||| |||| 00| 0 eng d
040 _cFLL
041 _2eng
_aeng
100 _aJain, Shivang
_91137633
245 _aInternational Financial Services Centre
_bA Parallel Economy
260 _aDU
_bFaculty of Law
_c2022
942 _2CC
_cDIS
999 _c1726415
_d1726415